[Event "6th Montalvo Open"]
[Site "Las Palmas ESP"]
[Date "2013.03.30"]
[Round "8.10"]
[White "Martinez Ramirez,E"]
[Black "Cruz Ramirez,Nauzet"]
[Result "1-0"]
[WhiteElo "2302"]
[BlackElo "1778"]

1.e4 c5 2.Nf3 e6 3.d4 cxd4 4.Nxd4 a6 5.Nc3 d6 6.Be3 Nf6 7.f3 b5 8.Qd2 Bb7
9.g4 Nbd7 10.g5 Nh5 11.O-O-O Rc8 12.Bh3 Ne5 13.f4 Nc4 14.Qe2 Nxe3 15.Qxe3 g6
16.Rhf1 Qb6 17.Qd3 Bg7 18.f5 Qxd4 19.Qxd4 Bxd4 20.Rxd4 Ke7 21.f6+ Kd7 22.e5 Kc7
23.Rxd6 Rcd8 24.Rxd8 Rxd8 25.Bg4 Rd4 26.Bxe6  1-0

[Event "e2e4 Dublin Masters"]
[Site "Dublin IRL"]
[Date "2013.03.31"]
[Round "6"]
[White "Loughran,J"]
[Black "Kalaiyalahan,Akshaya"]
[Result "1/2-1/2"]
[WhiteElo "1888"]
[BlackElo "1815"]

1.e4 c5 2.Nf3 e6 3.d4 cxd4 4.Nxd4 a6 5.Nc3 Qc7 6.Bd3 Nf6 7.O-O Be7 8.f4 d6
9.Qf3 Bd7 10.Qg3 Nc6 11.Be3 O-O-O 12.Rad1 g6 13.Be2 h5 14.Qf2 Ng4 15.Bxg4 hxg4
16.Nxc6 Qxc6 17.g3 Rh5 18.Qe2 Rdh8 19.Rf2 f5 20.exf5 gxf5 21.Rd4 d5 22.Rd2 Rh3
23.Bd4 R8h7 24.Qe3 Bh4 25.Rg2 Be7 26.Rd3 Kd8 27.b3 Ke8 28.Na4 Bb4 29.c3 Bd6
30.Nb6 Qc7 31.Nxd5 Qc8 32.Nf6+ Kf8 33.Nxh7+ Rxh7 34.Re2 Qc6 35.c4 Bc8 36.c5 Be7
37.Rc2 b5 38.Rdd2 Bb7 39.Rg2 Kf7 40.b4 Rh6 41.Be5 Rg6 42.Rcd2 Rg8 43.Bd6 Bxd6
44.cxd6 Qc1+ 45.Kf2 Bxg2 46.Kxg2 Qc6+ 47.Kg1 Qc1+ 48.Kg2 Qc6+ 49.Kg1  1/2-1/2

[Event "VII New Open"]
[Site "Lugano SUI"]
[Date "2013.03.31"]
[Round "4.11"]
[White "Heinatz,M"]
[Black "Medici,Simone"]
[Result "0-1"]
[WhiteElo "1912"]
[BlackElo "2099"]

1.e4 c5 2.Nf3 a6 3.Nc3 e6 4.d4 cxd4 5.Nxd4 Nc6 6.Be2 Bb4 7.O-O Nge7 8.Qd3 O-O
9.Bd2 Bc5 10.Nb3 Ba7 11.Qg3 d5 12.exd5 exd5 13.Bd3 Be6 14.Bg5 Qd7 15.Rfe1 Ng6
16.Bxg6 fxg6 17.Re2 Rf5 18.Na4 d4 19.Rae1 Bc4 20.Rd2 Qf7 21.Nc1 h6  0-1

[Event "Paskturneringen Open"]
[Site "Norrkoping SWE"]
[Date "2013.03.31"]
[Round "6"]
[White "Hedman,E"]
[Black "Ahvenjarvi,Jani"]
[Result "1-0"]
[WhiteElo "2376"]
[BlackElo "2244"]

1.e4 c5 2.Nf3 e6 3.d4 cxd4 4.Nxd4 a6 5.Nc3 Qc7 6.Be2 b5 7.O-O Bb7 8.Re1 Nc6
9.Nxc6 dxc6 10.e5 Rd8 11.Bd3 c5 12.Qg4 Ne7 13.Bg5 Rd4 14.Qg3 c4 15.Bxe7 Qxe7
16.Be4 g6 17.Qf3 Bxe4 18.Nxe4 Bg7 19.Nd6+ Rxd6 20.exd6 Qxd6 21.Qa8+ Ke7 22.Qa7+ Qd7
23.Qc5+ Qd6 24.Qa7+ Qd7 25.Qxa6 Rd8 26.Qa3+ Qd6 27.Qf3 Bxb2 28.Rad1 Qc7 29.Rxd8 Kxd8
30.Rb1 c3 31.Qd3+ Qd7 32.Rd1 Qxd3 33.Rxd3+ Ke7 34.g4 g5 35.Rh3 b4 36.Rd3 Ba3
37.Kf1  1-0

[Event "Paskturneringen Open"]
[Site "Norrkoping SWE"]
[Date "2013.03.31"]
[Round "7"]
[White "Malmstig,E"]
[Black "Blomqvist,E"]
[Result "0-1"]
[WhiteElo "2291"]
[BlackElo "2465"]

1.e4 c5 2.Nf3 e6 3.d4 cxd4 4.Nxd4 a6 5.Nc3 b5 6.Bd3 Qb6 7.Nb3 Nc6 8.O-O Nf6
9.Bg5 Be7 10.Kh1 Bb7 11.f4 d6 12.Qe1 Qc7 13.a4 b4 14.Nd1 h6 15.Bh4 g5 16.Bg3 Nh5
17.f5 Bf6 18.fxe6 fxe6 19.Nc5 Bc8 20.Rxf6 Nxf6 21.e5 Nxe5 22.Bxe5 dxe5 23.Bg6+ Kf8
24.Qxb4 Kg7 25.Bd3 a5 26.Qc4 Qb6 27.Nc3 Rd8 28.Rf1 Rd4 29.Qb5 Rb4 30.Qxb6 Rxb6
31.Bb5 Ra7 32.Re1 Rc7 33.Nb3 Nd5 34.Ne4 Rxc2 35.Nxa5 Ba6 36.Bxa6 Rxa6 37.Nb3 Rxa4
38.Nbc5 Rac4 39.Nxe6+ Kf7  0-1

[Event "Paskturneringen Open"]
[Site "Norrkoping SWE"]
[Date "2013.04.01"]
[Round "8"]
[White "Forsberg,V"]
[Black "Andreasson,I"]
[Result "0-1"]
[WhiteElo "2241"]
[BlackElo "2331"]

1.e4 c5 2.Nf3 e6 3.Nc3 a6 4.d4 cxd4 5.Nxd4 b5 6.Bd3 Ne7 7.O-O Nec6 8.Nxc6 Nxc6
9.Re1 d6 10.Qg4 b4 11.Nb1 g6 12.Bg5 Be7 13.Bxe7 Qxe7 14.Qg3 O-O 15.Nd2 e5
16.a3 Be6 17.axb4 Nxb4 18.Ra4 Rab8 19.b3 Rfc8 20.c4 Qa7 21.Qe3 Qxe3 22.Rxe3 Kf8
23.h4 Ke7 24.Bb1 Rb6 25.Rc3 Rc5 26.Bd3 f5 27.exf5 gxf5 28.Bf1 e4 29.Rg3 Kf6
30.Ra1 Re5 31.Re1 Ra5 32.Rg5 Ra2 33.Rd1 h6 34.Rg3 Rc2 35.Re3 d5 36.cxd5 Nxd5
37.Ree1 Nc3 38.Rc1 Rxd2 39.Rxc3 a5 40.Bc4 Bxc4 41.Rxc4 Rxb3 42.Rc6+ Ke5 43.Ra1 a4
44.Rxa4 Rb1+ 45.Kh2 Rxf2 46.Ra5+ Kf4 47.Rf6 Kg4 48.Rg6+ Kf4 49.Rf6 Ke3 50.Rfxf5 Rb6
51.Rae5 Kd3 52.Kg3 e3 53.Ra5 Rg6+  0-1

[Event "1st Hofheim Open"]
[Site "Hofheim GER"]
[Date "2013.04.02"]
[Round "1.13"]
[White "Schroeder,Ja"]
[Black "Carow,A"]
[Result "1-0"]
[WhiteElo "2285"]
[BlackElo "2029"]

1.e4 c5 2.Nf3 e6 3.d4 cxd4 4.Nxd4 a6 5.Nc3 Qc7 6.Bd3 Nf6 7.f4 d6 8.O-O Be7
9.Kh1 Nc6 10.Nxc6 bxc6 11.Qe1 d5 12.e5 Nd7 13.Qg3 g6 14.Na4 c5 15.c4 d4 16.Bd2 Bb7
17.b3 Bc6 18.Nb2 Rb8 19.Rae1 Qd8 20.Qh3 Rc8 21.Nd1 h5 22.Nf2 Bh4 23.Ne4 Bxe1
24.Nd6+ Kf8 25.Bxe1 Ra8 26.Bh4 Qc7 27.Bxg6 Rg8 28.Be4 Bxe4 29.Nxe4 Qc6 30.Nd6 a5
31.Bg5 Rg6 32.Qxh5 Kg7 33.f5 Rh8 34.Bf6+ Nxf6 35.exf6+ Kg8 36.Qxh8+ Kxh8
37.Nxf7+ Kg8 38.fxg6  1-0

[Event "1st Hofheim Open"]
[Site "Hofheim GER"]
[Date "2013.04.04"]
[Round "4.5"]
[White "Zude,A"]
[Black "Carow,J"]
[Result "0-1"]
[WhiteElo "2459"]
[BlackElo "2264"]

1.e4 c5 2.Nf3 e6 3.d4 cxd4 4.Nxd4 a6 5.Nc3 Qc7 6.Be2 b5 7.f4 Bb7 8.Bf3 Bc5
9.Be3 d6 10.Qd3 Nd7 11.O-O Ngf6 12.Kh1 O-O 13.Rad1 Rad8 14.a3 Ne5 15.fxe5 dxe5
16.Nxe6 fxe6 17.Qe2 Bd4 18.Bxd4 exd4 19.Nb1 e5 20.Qd3 Nd7 21.Nd2 Nc5 22.Qe2 Na4
23.Rb1 Rd6 24.Rfc1 Bc8 25.Nb3 Be6 26.Qd2 Rc8 27.Be2 Rc6 28.Na1 Ba2 29.Bg4 Re8
30.Nb3 Bxb1  0-1

[Event "e2e4 Gatwick Open 2013"]
[Site "Crawley ENG"]
[Date "2013.04.05"]
[Round "1"]
[White "Lenier,J"]
[Black "Tarhon,Brian"]
[Result "0-1"]
[WhiteElo "2124"]
[BlackElo "1863"]

1.e4 c5 2.Nf3 e6 3.d4 cxd4 4.Nxd4 a6 5.Nc3 Qc7 6.Bd3 Nc6 7.Be3 b5 8.O-O Bb7
9.f4 Nxd4 10.Bxd4 Bc5 11.Bxc5 Qxc5+ 12.Kh1 b4 13.Ne2 Nf6 14.Ng3 h5 15.e5 h4
16.Nf5 exf5 17.exf6 h3 18.Qe2+ Kd8 19.Qe7+ Qxe7 20.fxe7+ Kxe7 21.Rfe1+ Kf6
22.Bf1 Rh4 23.Kg1 hxg2 24.Bxg2 Rg4 25.Re2 Rc8 26.Rc1 Bxg2 27.Rxg2 Rxf4 28.Rd1 Rg4  0-1

[Event "87th ch-ARG 2013"]
[Site "Villa Martelli ARG"]
[Date "2013.04.05"]
[Round "3.11"]
[White "Franco,G"]
[Black "Real de Azua,E"]
[Result "0-1"]
[WhiteElo "2042"]
[BlackElo "2450"]

1.e4 c5 2.Nf3 e6 3.d4 cxd4 4.Nxd4 a6 5.Nc3 Qc7 6.g3 Bb4 7.Ne2 Be7 8.Bg2 d6
9.O-O Nf6 10.h3 Nc6 11.a4 b6 12.f4 Bb7 13.f5 Ne5 14.Nd4 Qd7 15.Qe2 h6 16.Rd1 O-O
17.Bf4 Qc8 18.Ra3 Nc4 19.e5 dxe5 20.Bxb7 Qxb7 21.Bxe5 Nxe5 22.Qxe5 Bxa3 23.bxa3 Rac8
24.Rd3 Rc5  0-1

[Event "TCh-CAT Div Hon 2013"]
[Site "Catalonia ESP"]
[Date "2013.04.06"]
[Round "10.9"]
[White "Gonzalez Hernandez,F"]
[Black "Ruiz Manchon,F"]
[Result "0-1"]
[WhiteElo "2086"]
[BlackElo "2154"]

1.e4 c5 2.Nf3 e6 3.Nc3 a6 4.d4 cxd4 5.Nxd4 Qc7 6.Bd3 Bc5 7.Nb3 Be7 8.O-O Nf6
9.f4 d6 10.a4 b6 11.e5 Nfd7 12.exd6 Bxd6 13.Ne4 Be7 14.f5 exf5 15.Bf4 Ne5
16.Ng3 g6 17.Qe2 f6 18.Bxf5 Bxf5 19.Nxf5 gxf5 20.Qh5+ Kd8 21.Qxf5 Nbd7 22.Rad1 Kc8
23.a5 b5 24.Kh1 Kb7 25.Nd4 Rac8 26.Rd2 Ka8 27.Rfd1 Qb7 28.Nf3 Rhd8 29.Nxe5 Nxe5
30.Bxe5 fxe5 31.Qxe5 Rxd2 32.Rxd2 Bb4 33.c3 Bxa5 34.Qe6 Rc7 35.Rd6 Ka7 36.h4 Re7  0-1

[Event "e2e4 Gatwick Open 2013"]
[Site "Crawley ENG"]
[Date "2013.04.07"]
[Round "5"]
[White "Jones,Steven A"]
[Black "Kalaiyalahan,Akshaya"]
[Result "0-1"]
[WhiteElo "2025"]
[BlackElo "1842"]

1.e4 c5 2.Nf3 e6 3.d4 cxd4 4.Nxd4 a6 5.Nc3 d6 6.Be3 Nf6 7.g4 b5 8.g5 Nfd7
9.Bg2 Bb7 10.f4 Nb6 11.Qf3 N8d7 12.O-O-O Nc4 13.f5 e5 14.Nb3 Qc7 15.Bf2 O-O-O
16.Nd5 Bxd5 17.Rxd5 Ndb6 18.Bxb6 Qxb6 19.Nd2 Nxd2 20.Rxd2 Kb8 21.f6 Qa5 22.a3 g6
23.Rd5 h6 24.h4 hxg5 25.hxg5 Rxh1+ 26.Bxh1 Qe1+ 27.Rd1 Qh4 28.Qe3 Qf4 29.Qxf4 exf4
30.Rf1 d5 31.exd5 Bd6 32.Kd2 Rh8 33.c4 bxc4 34.Kc3 Rh5 35.Rg1 Bc5 36.Rd1 Bd6
37.Kxc4 Rxg5 38.Be4 Be5 39.Kc5 Kc7 40.Bd3 Bxb2 41.Bxa6 Bxa3+ 42.Kd4 Rf5 43.Rb1 Rxf6
44.Rb7+ Kd8 45.Bf1 Bd6 46.Rb3 g5 47.Bh3 f3 48.Ke4 g4 49.Bxg4 Rf4+ 50.Ke3 Rxg4  0-1

[Event "15th Dubai Open 2013"]
[Site "Dubai UAE"]
[Date "2013.04.07"]
[Round "1.26"]
[White "Madhurima,S"]
[Black "Oleksienko,M"]
[Result "0-1"]
[WhiteElo "1991"]
[BlackElo "2554"]

1.e4 c5 2.Nc3 e6 3.Nf3 a6 4.d4 cxd4 5.Nxd4 b5 6.Bd3 Qb6 7.Nb3 Qc7 8.O-O Bb7
9.Qe2 b4 10.Nd1 Nf6 11.f4 a5 12.Nf2 Be7 13.Bd2 Nc6 14.c3 O-O 15.e5 Ne8 16.Ne4 f5
17.exf6 Nxf6 18.Rf3 bxc3 19.bxc3 Nxe4 20.Qxe4 g6 21.Rg3 Rf7 22.Qe2 a4 23.Nd4 Nxd4
24.cxd4 Bf6 25.Be3 Qd6 26.Kh1 Ba6 27.Rb1 Bxd3 28.Qxd3 Qd5 29.Qc2 Rff8 30.Bg1 Rfc8
31.Qe2 Rc4 32.Rd3 Rac8 33.Qf3 Qxf3 34.Rxf3 Bxd4 35.Rd1 Bxg1 36.Kxg1 d5 37.Rd2 Rc2
38.Rxc2 Rxc2 39.Ra3 Rc4 40.g3 Kf7 41.Kf2 Kf6 42.Ke3 g5 43.fxg5+ Kxg5 44.Kf3 e5
45.h4+ Kf5  0-1

[Event "15th Dubai Open 2013"]
[Site "Dubai UAE"]
[Date "2013.04.07"]
[Round "1.3"]
[White "Edouard,R"]
[Black "Pujari,R"]
[Result "1-0"]
[WhiteElo "2670"]
[BlackElo "2132"]

1.e4 c5 2.Nf3 e6 3.Nc3 a6 4.d4 cxd4 5.Nxd4 b5 6.Bd3 Qb6 7.Nb3 Qc7 8.O-O Nf6
9.Qe2 d6 10.f4 Nbd7 11.Bd2 Bb7 12.Rae1 b4 13.Nd1 a5 14.Nf2 e5 15.Ng4 Be7
16.fxe5 dxe5 17.Ne3 a4 18.Nc1 Nc5 19.Nf5 Ne6 20.Bb5+ Kd8 21.Nxe7 Qxe7 22.Qc4 Qc5+
23.Qxc5 Nxc5 24.Bxb4 Ncxe4 25.Nd3 Kc7 26.Nxe5 Kb6 27.c4 Bd5 28.Rf4 Ra7 29.cxd5 Kxb5
30.Rfxe4 Nxe4 31.Rxe4 Re8 32.Ba3 Raa8 33.d6 f6 34.Rb4+ Kc5 35.d7 Rg8 36.Rxa4+ Kb6
37.Rxa8 Rxa8 38.Nf7  1-0

[Event "SuperNationals V"]
[Site "Nasville USA"]
[Date "2013.04.07"]
[Round "7"]
[White "Krishnan,V"]
[Black "Hughes,John L"]
[Result "1/2-1/2"]
[WhiteElo "2240"]
[BlackElo "2039"]

1.e4 c5 2.Nf3 e6 3.d4 cxd4 4.Nxd4 a6 5.Nc3 Qc7 6.Be2 b5 7.a3 Bb7 8.f4 b4
9.axb4 Bxb4 10.O-O Bxc3 11.bxc3 Nf6 12.e5 Nd5 13.Bd3 Nc6 14.Nb3 Nxc3 15.Qg4 Nb4
16.Rf2 Qb6 17.Na5 Bd5 18.Bb2 Nba2 19.Nb3 a5 20.Rxa2 Nxa2 21.Bd4 Qc7 22.Nc5 Nb4
23.Bb5 Bc6 24.Bc4 Bd5 25.Bb5 Bc6 26.Bc4 Bd5  1/2-1/2

[Event "TCh-CRO II Liga 2013"]
[Site "Split CRO"]
[Date "2013.04.07"]
[Round "3.3"]
[White "Zaja,Stjepan1"]
[Black "Bobanac,M"]
[Result "0-1"]
[WhiteElo "1756"]
[BlackElo "2303"]

1.e4 c5 2.Nf3 e6 3.d4 cxd4 4.Nxd4 a6 5.Nc3 Qc7 6.g3 b5 7.Bg2 Bb7 8.O-O Nf6
9.a3 Nc6 10.Be3 Ne5 11.Bf4 d6 12.Nde2 Rc8 13.h3 Be7 14.Re1 O-O 15.g4 Rfd8
16.Ng3 Nc4 17.Rb1 Nxa3 18.Rc1 Nc4 19.g5 Nxb2 20.Qe2 Nd7 21.Nd5 exd5 22.Nf5 Bf8
23.exd5 Ne5 24.c4 Nbxc4 25.Rc3 Qd7 26.Be4 Ng6 27.Bc1 Re8 28.Qh5 Rxe4 29.Nh6+ gxh6
30.Rxe4 Nce5 31.Rxc8 Qxc8 32.Be3 Qf5 33.Rg4 Nxg4 34.hxg4 Qxd5  0-1

[Event "15th Dubai Open 2013"]
[Site "Dubai UAE"]
[Date "2013.04.08"]
[Round "2.21"]
[White "Aravindh,Chithambaram VR."]
[Black "Ghaem Maghami,E"]
[Result "1/2-1/2"]
[WhiteElo "2333"]
[BlackElo "2561"]

1.e4 c5 2.Nf3 e6 3.d4 cxd4 4.Nxd4 a6 5.Nc3 Qc7 6.Bd3 Nf6 7.O-O Bd6 8.Nf3 Nc6
9.Qe2 O-O 10.h3 b5 11.Bg5 Bb7 12.Rae1 Ne5 13.Nd1 Ng6 14.h4 Rac8 15.c3 Bc5
16.Nd4 Nf4 17.Qf3 Nxd3 18.Bxf6 Ne5 19.Bxe5 Qxe5 20.Qd3 d5 21.Nf3 dxe4 22.Nxe5 exd3
23.Nxd3 Be7 24.g3 Rfd8 25.Nc1 a5 26.Ne3 b4 27.cxb4 Bxb4 28.Rd1 Rxd1 29.Rxd1 Bf3
30.Rf1 a4 31.Nd3 Bd2 32.Ra1 f6 33.Ne1 Be2 34.N1c2 e5 35.b3 Bd3 36.Rd1 Bxc2
37.Rxd2 axb3 38.axb3 Bxb3 39.f3 Be6 40.Kf2 Kf7 41.f4 Rc5 42.Rc2 Rxc2+ 43.Nxc2 Bf5
44.Ne3 Ke6 45.Kf3 Bd3 46.fxe5 fxe5 47.g4 h6 48.Nd1 Kd5 49.Ke3 Bc2 50.Nc3+ Kc5
51.Kd2 Bb3 52.Ke3 Bc2 53.Kd2 Bg6 54.Ke3 Kc4 55.Ne4 Kd5 56.Nc3+ Ke6 57.Ne2 Bc2
58.Nc3 Kd6 59.Kd2 Bb3 60.Ne4+ Kd5 61.Ke3 g6 62.Nc3+ Ke6 63.Ne4 Bc2 64.Nc3 h5
65.gxh5 gxh5 66.Kd2 Bb3 67.Ke3 Kf5 68.Ne4 Bd5 69.Nf2 Ba8 70.Nd3 Bg2 71.Kf2 Be4
72.Nc5 Kf4 73.Ne6+ Kg4 74.Ke3 Bc6 75.Nf8 Kf5 76.Nh7 Bh1 77.Nf8 Ba8 78.Nd7 Bb7
79.Nc5 Bc6 80.Nd3 Bh1 81.Nf2 Bg2 82.Nd3 e4 83.Nf2 Bf3 84.Nh3 Bh1 85.Ng5 Ke5
86.Nf7+ Ke6 87.Ng5+ Kf5 88.Nh3 Bf3 89.Ng5 Bh1 90.Nh3 Bg2 91.Nf4 Bf3 92.Nh3 Bd1
93.Nf4 Bg4 94.Nd5 Bf3 95.Ne7+ Kg4 96.Ng6 Kg3 97.Ne5 Bh1 98.Ng6 Bg2 99.Nf4  1/2-1/2

[Event "Open Golden Island Krk"]
[Site "Malinska CRO"]
[Date "2013.04.11"]
[Round "8.13"]
[White "Bajlo,K"]
[Black "Mrsic,Ivan"]
[Result "1-0"]
[WhiteElo "2118"]
[BlackElo "1654"]

1.e4 c5 2.Nf3 e6 3.d4 cxd4 4.Nxd4 a6 5.Nc3 Qc7 6.a3 Nf6 7.Be3 b5 8.Bd3 Bb7
9.O-O Be7 10.Kh1 O-O 11.f4 b4 12.axb4 Bxb4 13.e5 Nd5 14.Nxd5 Bxd5 15.Qh5 f5
16.exf6 Rxf6 17.Qxh7+ Kf7 18.Qh5+ Ke7 19.c3 Bd6 20.Qg5 e5 21.fxe5 Bxe5 22.Rae1 Kd8
23.Qh4 Qb7 24.Bg5 Bxg2+ 25.Kg1 Bxf1 26.Bxf1 Bxd4+ 27.Qxd4 Nc6 28.Bxf6+ gxf6
29.Qxf6+ Kc7 30.Qf4+ Kb6 31.Qf2+ Kc7 32.Qg3+ Kb6 33.Bg2 Qb8 34.Qf2+ Kc7 35.Qg3+ Kb6
36.Rd1 Qxg3 37.hxg3 Rg8 38.Bxc6 Kxc6 39.Kf2 Rb8 40.Rd2 Kc5 41.Ke3 Re8+ 42.Kd3 d5
43.g4 Rg8 44.Rg2 Rg5 45.Ke3 Re5+ 46.Kf4 Kd6 47.g5 Re4+ 48.Kf3 Re8 49.g6 Rg8
50.g7 Ke7 51.Ke3 a5 52.Kd4 Ke6 53.Rg6+ Kf5 54.Rd6 Rxg7 55.Rxd5+ Ke6 56.Rxa5 Rb7
57.Ra6+ Kd7 58.b4 Rb5 59.Kc4 Rh5 60.Rf6 Kc8 61.Rf7 Kb8 62.b5 Rh4+ 63.Kc5 Rh5+
64.Kb6 Rh6+ 65.Ka5 Rh5 66.c4 Rc5 67.Kb4 Rc8 68.c5 Ka8 69.b6 Kb8 70.Kb5 Ka8
71.Ka6 Kb8 72.Rb7+ Ka8 73.Ra7+  1-0

[Event "23rd ch-SLO 2013"]
[Site "Sentjur SLO"]
[Date "2013.04.11"]
[Round "6.10"]
[White "Debevec,B"]
[Black "Gombac,Jan"]
[Result "0-1"]
[WhiteElo "2069"]
[BlackElo "2272"]

1.e4 c5 2.Nc3 a6 3.Nf3 e6 4.d4 cxd4 5.Nxd4 d6 6.Be3 b5 7.Qd2 Bb7 8.f3 Ne7
9.a4 d5 10.exd5 b4 11.dxe6 bxc3 12.exf7+ Kxf7 13.Bc4+ Bd5 14.Qxc3 Qc7 15.Bxd5+ Nxd5
16.Qxc7+ Nxc7 17.O-O-O Bc5 18.Nf5 Bxe3+ 19.Nxe3 Re8 20.Nc4 Kf6 21.Nd6 Re2
22.Ne4+ Ke7 23.Rhg1 Nc6 24.Ng3 Re6 25.Nf5+ Kf6 26.Nd6 Rd8 27.Ne4+ Ke7 28.Rxd8 Nxd8
29.Rd1 Nb7 30.b4 Nd6 31.Nxd6 Rxd6 32.c4 a5 33.Re1+ Ne6 34.Re5 Rd4 35.Rxa5 Rxc4+
36.Kd2 Rxb4 37.Ke3 Rb2 38.g4 Rxh2 39.Ra7+ Kf6 40.f4 Rb2 41.f5 Rb3+ 42.Kf2 Ng5
43.Ra6+ Ke5 44.Ra7 Kf4 45.Rxg7 Kxg4 46.a5 Ra3 47.Ra7 Kxf5 48.a6 h5 49.Ra8 Kg4
50.a7 h4 51.Rb8 Ra2+ 52.Kg1 Rxa7 53.Rb4+ Kg3 54.Rb1 Ra2  0-1

[Event "TCh-CAT Div Hon 2013"]
[Site "Catalonia ESP"]
[Date "2013.04.13"]
[Round "11.10"]
[White "Ramirez Carrizo,V"]
[Black "Ruiz Manchon,F"]
[Result "0-1"]
[WhiteElo "2086"]
[BlackElo "2154"]

1.e4 c5 2.Nf3 e6 3.d4 cxd4 4.Nxd4 a6 5.Nc3 Qc7 6.Bd3 Bc5 7.Nb3 Be7 8.O-O d6
9.f4 Nd7 10.a4 b6 11.Qg4 g6 12.Qg3 Ngf6 13.Be3 Bb7 14.h3 Rc8 15.Rae1 O-O
16.f5 exf5 17.Rxf5 Ne5 18.Ref1 Qd8 19.Bh6 Re8 20.Nd4 Rc5 21.R5f2 Nh5 22.Qe3 Bh4
23.g4 Ng7 24.Rg2 Be7 25.Nf5 Bf8 26.Bg5 Nxf5 27.gxf5 Qd7 28.Bf6 d5 29.Qd4 Rc4  0-1

[Event "4th LUCOPEN 2013"]
[Site "Lille FRA"]
[Date "2013.04.13"]
[Round "1.9"]
[White "Duff,R"]
[Black "Castellanos Rodriguez,R"]
[Result "0-1"]
[WhiteElo "2150"]
[BlackElo "2505"]

1.e4 c5 2.Nf3 e6 3.d4 cxd4 4.Nxd4 a6 5.Nc3 Qc7 6.Bd3 Nf6 7.f4 d6 8.O-O Nbd7
9.Qe2 b5 10.Kh1 Bb7 11.Bd2 Nc5 12.b4 Nxd3 13.cxd3 Be7 14.Rfc1 Qd7 15.a4 bxa4
16.Nxa4 Bd8 17.Be3 O-O 18.h3 g6 19.Qd2 Nh5 20.Nb3 f5 21.Nb6 Bxb6 22.Bxb6 Rac8
23.e5 dxe5 24.fxe5 Qd5 25.Nc5 Ng3+ 26.Kg1 Ne4 27.Qa2 Qd4+ 28.Kh1 Bd5 29.Nd7 Rxc1+
30.Rxc1 Ng3+ 31.Kh2 Qf4 32.Rc4 Bxc4 33.Qxc4 Nf1+ 34.Kg1 Qxc4 35.dxc4 Rf7
36.Nf6+ Rxf6 37.exf6 Nd2 38.c5 Nc4 39.Kf2 Kf7 40.Bd8 Ne5 41.Ba5 Nc6  0-1

[Event "15th Dubai Open 2013"]
[Site "Dubai UAE"]
[Date "2013.04.15"]
[Round "9.35"]
[White "Makropoulou,M"]
[Black "Anurag,M"]
[Result "0-1"]
[WhiteElo "2227"]
[BlackElo "2401"]

1.e4 c5 2.Nf3 e6 3.d4 cxd4 4.Nxd4 a6 5.Nc3 b5 6.Bd3 Bb7 7.O-O Qc7 8.Re1 Bc5
9.Nb3 Be7 10.e5 Nc6 11.Bf4 Kf8 12.a4 b4 13.Ne4 Nxe5 14.Nec5 Bxc5 15.Nxc5 Qxc5
16.Rxe5 Qc6 17.Bf1 Ne7 18.Qd4 d6 19.Rg5 e5 20.Qxb4 Nd5 21.Qa3 Nxf4 22.Rxe5 Nh3+
23.Qxh3 dxe5 24.Ra3 Rd8 25.Rc3 Qd7 26.Qh4 Qe7 27.Qh5 h6 28.b4 g6 29.Qe2 Kg7  0-1

[Event "4th LUCOPEN 2013"]
[Site "Lille FRA"]
[Date "2013.04.15"]
[Round "3.11"]
[White "Dumas,V"]
[Black "Gorovets,A"]
[Result "0-1"]
[WhiteElo "2067"]
[BlackElo "2471"]

1.e4 c5 2.Nf3 e6 3.d4 cxd4 4.Nxd4 a6 5.Nc3 Qc7 6.Be2 b5 7.f4 Bb7 8.Bf3 Bc5
9.Be3 d6 10.Qd2 Nd7 11.Nb3 Bxe3 12.Qxe3 b4 13.Nd1 Ngf6 14.O-O e5 15.Rc1 exf4
16.Qxf4 O-O 17.Nf2 Ne5 18.Nd3 Qb6+ 19.Kh1 Rfe8 20.Rce1 Rac8 21.Re2 a5 22.Rc1 a4
23.Na1 Ba6 24.Rd1 b3 25.axb3 axb3  0-1

[Event "4th LUCOPEN 2013"]
[Site "Lille FRA"]
[Date "2013.04.16"]
[Round "5.6"]
[White "Danin,A"]
[Black "Aguero Jimenez,L"]
[Result "1-0"]
[WhiteElo "2575"]
[BlackElo "2428"]

1.e4 c5 2.Nf3 e6 3.Nc3 a6 4.d4 cxd4 5.Nxd4 b5 6.Bd3 Qb6 7.Be3 Bc5 8.Qg4 Bxd4
9.e5 Bxe3 10.Qxg7 Bxf2+ 11.Kf1 Nc6 12.Qxh8 Ne7 13.Ne4 Bd4 14.Nf6+ Kd8 15.Nxg8 Nxg8
16.Qxg8+ Kc7 17.Re1 Bb7 18.Qxh7 f6 19.c3 Bxe5 20.Be4 Bxe4 21.Qxe4 Rh8 22.g3 a5
23.Qf3 b4 24.Kg2 Kd6 25.cxb4 Qxb4 26.Re2 Rc8 27.Rhe1 Rc4 28.Qh5  1-0

[Event "4th LUCOPEN 2013"]
[Site "Lille FRA"]
[Date "2013.04.16"]
[Round "5.8"]
[White "Schoorl,R"]
[Black "Castellanos Rodriguez,R"]
[Result "1/2-1/2"]
[WhiteElo "2326"]
[BlackElo "2505"]

1.e4 c5 2.Nf3 e6 3.d4 cxd4 4.Nxd4 a6 5.Nc3 Qc7 6.Bd3 Nf6 7.O-O d6 8.Qe2 Nbd7
9.Kh1 g6 10.Bd2 Bg7 11.f4 O-O 12.a4 b6 13.Rae1 Bb7 14.Nf3 Nc5 15.b4 Nxd3
16.cxd3 Rac8 17.Rc1 Qd8 18.Rc2 d5 19.Rfc1 dxe4 20.dxe4 Rc7 21.e5 Nd5 22.Ne4 Rxc2
23.Rxc2 Qd7 24.b5 axb5 25.Qxb5 Qxb5 26.axb5 Rc8 27.Rxc8+ Bxc8 28.Nc3 Nc7
29.Be3 Bd7 30.Bxb6 Nxb5  1/2-1/2

[Event "4th LUCOPEN 2013"]
[Site "Lille FRA"]
[Date "2013.04.17"]
[Round "7.4"]
[White "Danin,A"]
[Black "Castellanos Rodriguez,R"]
[Result "1-0"]
[WhiteElo "2575"]
[BlackElo "2505"]

1.e4 c5 2.Nf3 e6 3.d4 cxd4 4.Nxd4 a6 5.Nc3 Qc7 6.Be2 Nf6 7.O-O d6 8.f4 Be7
9.Be3 Nc6 10.Qe1 O-O 11.Qg3 Nxd4 12.Bxd4 b5 13.a3 Bb7 14.Kh1 Rad8 15.Rad1 Rd7
16.Rfe1 Qd8 17.Bf3 Ne8 18.Bf2 g6 19.Rd3 Ng7 20.Red1 Bc6 21.Qh3 Re8 22.Bd4 Bb7
23.Bg4 Bf6 24.Bxf6 Qxf6 25.Qh6 Rc7 26.Rh3 Rxc3 27.Qxh7+ Kf8 28.Rxc3 Bxe4
29.Rc7 Nf5 30.Bxf5 exf5 31.Rxd6 Bd5 32.Rc8  1-0

[Event "ch-LAT w 2013"]
[Site "Riga LAT"]
[Date "2013.04.17"]
[Round "6.5"]
[White "Ungure,L"]
[Black "Kane,Marta"]
[Result "1-0"]
[WhiteElo "2043"]
[BlackElo "1839"]

1.e4 c5 2.Nf3 e6 3.d4 cxd4 4.Nxd4 a6 5.Nc3 Qc7 6.Be2 Nc6 7.O-O Nf6 8.Be3 Be7
9.f4 d6 10.Kh1 O-O 11.Qe1 Nxd4 12.Bxd4 b5 13.e5 Ne8 14.Bd3 Bb7 15.Ne4 g6
16.Nf6+ Bxf6 17.exf6 Qc6 18.Qg3 Qd5 19.c3 Nc7 20.Rae1 Qxa2 21.Qh4 h5 22.Re3 Kh7
23.Qxh5+  1-0

[Event "4th LUCOPEN 2013"]
[Site "Lille FRA"]
[Date "2013.04.18"]
[Round "8.8"]
[White "Arizmendi Martinez,J"]
[Black "Cappon,J"]
[Result "1-0"]
[WhiteElo "2572"]
[BlackElo "2242"]

1.e4 c5 2.Nf3 e6 3.Nc3 a6 4.d4 cxd4 5.Nxd4 Qc7 6.Bd3 Nc6 7.Nxc6 dxc6 8.O-O e5
9.f4 Bc5+ 10.Kh1 Nf6 11.Qf3 Bg4 12.Qg3 h5 13.fxe5 h4 14.Qf4 Nh5 15.Qxg4 Ng3+
16.hxg3 hxg3+ 17.Qh3 Rxh3+ 18.gxh3 Qxe5 19.Bf4 Qh5 20.Kg2 Bf2 21.Ne2 Qh4
22.Bxg3 Bxg3 23.Nxg3 f6 24.e5 O-O-O 25.e6 Rh8 26.e7 Qxh3+ 27.Kf3  1-0

[Event "ch-SRB 2013"]
[Site "Vrnjacka Banja SRB"]
[Date "2013.04.18"]
[Round "4.4"]
[White "Popovic,Du"]
[Black "Damljanovic,B"]
[Result "1/2-1/2"]
[WhiteElo "2558"]
[BlackElo "2536"]

1.e4 c5 2.Nf3 e6 3.d4 cxd4 4.Nxd4 a6 5.Nc3 d6 6.Be3 Nd7 7.Qd2 Ngf6 8.f3 b5
9.g4 Nb6 10.a4 Nc4 11.Bxc4 bxc4 12.g5 Nd7 13.f4 Bb7 14.f5 e5 15.Nde2 h6 16.g6 Nf6
17.gxf7+ Kxf7 18.Ng3 d5 19.exd5 Bb4 20.O-O-O Qa5 21.Rhg1 Bxc3 22.Qxc3 Qxc3
23.bxc3 Bxd5 24.Nh5 Nxh5 25.Rxd5 Kf6 26.Rc5 Rhe8 27.Rxc4 Kxf5 28.Rh4 g6 29.Bxh6 Rh8
30.Rf1+ Nf4 31.Rhxf4+ exf4 32.Bxf4 Rhc8 33.Kb2 Ke4 34.Bg3 Rc6 35.Rf4+ Ke3
36.c4 Rb8+ 37.Kc3 Rb1 38.Rf7 Ra1 39.Re7+ Kf3 40.Kb4 Rb1+ 41.Kc3 Ra1 42.Kb4 Rb1+
43.Kc3  1/2-1/2

[Event "ch-LTU 2013"]
[Site "Vilnius LTU"]
[Date "2013.04.20"]
[Round "8.3"]
[White "Juknis,P"]
[Black "Kveinys,A"]
[Result "1/2-1/2"]
[WhiteElo "2167"]
[BlackElo "2528"]

1.e4 c5 2.Nf3 e6 3.d4 cxd4 4.Nxd4 a6 5.Nc3 Qc7 6.Bd3 Nf6 7.f4 d6 8.Qf3 Nbd7
9.Be3 b5 10.a3 Bb7 11.g4 Nc5 12.g5 Nfd7 13.O-O-O Nxd3+ 14.cxd3 d5 15.Kb1 b4
16.axb4 Bxb4 17.Rc1 dxe4 18.Nxe4 Qb8 19.Nc6 Bxc6 20.Rxc6 O-O 21.Rhc1 Qb5
22.Qe2 Rfd8 23.Qc2 Nf8 24.Rc4 a5 25.h4 Rab8 26.Ka1 Ng6 27.h5 Nh4 28.h6 Nf5
29.Bf2 Bf8 30.hxg7 Bxg7 31.Nf6+ Bxf6 32.gxf6 h6 33.Ba7 Ra8 34.Rc7 Qe8 35.Qg2+ Kh8
36.Rh1 Kh7 37.Qb7 Kg6 38.Qg2+ Kh7 39.Qb7 Kg6 40.Qg2+  1/2-1/2

[Event "ch-LTU w 2013"]
[Site "Vilnius LTU"]
[Date "2013.04.21"]
[Round "3.2"]
[White "Zaksaite,S"]
[Black "Urbonaviciute,Z"]
[Result "1-0"]
[WhiteElo "2152"]
[BlackElo "1782"]

1.e4 c5 2.Nf3 e6 3.d4 cxd4 4.Nxd4 a6 5.Nc3 Nc6 6.g3 Nge7 7.Nb3 Ng6 8.Bg2 Be7
9.O-O O-O 10.f4 b5 11.Be3 Bb7 12.Qh5 f5 13.Rad1 Rf7 14.a3 Bf8 15.Qe2 Na5
16.Nxa5 Qxa5 17.exf5 Nxf4 18.Rxf4 Bxg2 19.Qxg2 Re8 20.fxe6 dxe6 21.Rxf7 Kxf7
22.Qf2+  1-0

[Event "48th Capablanca Open II 2013"]
[Site "Havana CUB"]
[Date "2013.04.22"]
[Round "2.5"]
[White "Batista,Geo"]
[Black "Ibanez Milian,D"]
[Result "0-1"]
[WhiteElo "2251"]
[BlackElo "2136"]

1.e4 c5 2.Nf3 e6 3.d4 cxd4 4.Nxd4 a6 5.Nc3 Qc7 6.Bd3 Nf6 7.O-O h5 8.Kh1 Bc5
9.Be3 Ng4 10.g3 b5 11.Be2 Nxe3 12.fxe3 Bb7 13.Bf3 h4 14.g4 Qe5 15.Qd3 Nc6
16.Rad1 Rd8 17.a3 Qg5 18.Nxc6 Bxc6 19.Rde1 Qe5 20.b4 Bd6 21.Re2 Rc8 22.Rd2 Be7
23.Ne2 d6 24.Kg1 O-O 25.Bg2 Qg5 26.h3 Bb7 27.Nd4 Rc4 28.Rdf2 Qe5 29.c3 Bf6
30.Rc2 Rfc8 31.Rf4 d5 32.exd5 Bxd5 33.Bxd5 Qxd5 34.Rff2 e5 35.Qf5 Rxc3 36.Qxc8+ Rxc8
37.Rxc8+ Kh7 38.Rc5 Qe4 39.Nc2 Qd3 40.Kg2 Kg6 41.Kh2 Bg5 42.Rc6+ f6 43.Rxa6 Bxe3
44.Nxe3 Qxe3 45.Rg2 Kg5 46.Ra5 Qf4+ 47.Kh1 g6 48.Kg1 Qe3+ 49.Kh2 Qd3 50.a4 bxa4
51.Rxa4 e4 52.Raa2 Qd6+ 53.Kh1 Qxb4 54.Rae2 Kf4 55.Rgf2+ Ke5 56.Rb2 Qa5 57.Kg2 e3
58.Rf3 Qc3 59.Re2 Ke4 60.Rf1 f5 61.Ra2 Qc6 62.gxf5 gxf5 63.Rfa1 Kf4+ 64.Kg1 Kg3
65.Rf1 f4 66.Re2 Qe4 67.Rfe1 f3 68.Rxe3 Qc2  0-1